Daňové priznania, ročné zúčtovanie preddavkov na daň za rok 2016 bez chýb, pokút a penále
Salvato in:
| Autore principale: | |
|---|---|
| Altri autori: | |
| Natura: | Libro |
| Lingua: | slovacco |
| Pubblicazione: |
Žilina
Poradca
2017
|
| Soggetti: | |
| Tags: |
Nessun Tag, puoi essere il primo ad aggiungerne!!
|
MARC
| LEADER | 00000nam a2200000 4500 | ||
|---|---|---|---|
| 001 | 0228067 | ||
| 005 | 20230109073024.8 | ||
| 022 | |a 1335-1583 | ||
| 041 | 0 | |a slo | |
| 044 | |a SK | ||
| 245 | 1 | 0 | |a Daňové priznania, ročné zúčtovanie preddavkov na daň za rok 2016 |b bez chýb, pokút a penále |c Jana Bielená, Ivana Valterová |
| 264 | 1 | |a Žilina |b Poradca |c 2017 | |
| 300 | |a 128 s. | ||
| 610 | 2 | 0 | |a dane |
| 610 | 2 | 0 | |a priznania daňové |
| 610 | 2 | 0 | |a preddavky |
| 610 | 2 | 0 | |a zúčtovanie |
| 610 | 2 | 0 | |a predpisy právne |
| 610 | 2 | 0 | |a zákony |
| 610 | 2 | 0 | |a Slovensko |
| 610 | 2 | 0 | |a 2016 |
| 100 | 1 | |a Bielená, Jana | |
| 700 | 1 | |a Valterová, Ivana | |